| 000 | 01151nam a22003257a 4500 | ||
|---|---|---|---|
| 003 | CHAP | ||
| 005 | 20220329140308.0 | ||
| 008 | 971013s1985 r 00010 d | ||
| 010 | _a49912 | ||
| 011 | _a50884 | ||
| 035 | _a55034 | ||
| 040 | _cCHAP | ||
| 090 | _aTesis | ||
| 100 | 0 | 0 |
_aVillarreal Garza, Eduardo. _9119598 |
| 245 | _aEvaluación de rendimiento y calidad para diferentes densidades de siembra en papa (Solanum tuberosum L.) en la región de Navidad, N.L | ||
| 260 |
_a(Monterrey, N.L.) : _bEl autor, _c1985 |
||
| 300 |
_a53 h. _b; gráfs. |
||
| 502 | _aTesis (Ing. Agrónomo en Producción) -- ITESM. División de Ciencias Agropecuarias y Marítimas | ||
| 590 |
_aALEPH _b10 _c20130110 _lUCH01 _h1323 |
||
| 590 |
_aBATCH-UPD _b10 _c20130110 _lUCH01 _h1326 |
||
| 590 |
_aBATCH-UPD _b10 _c20130410 _lUCH01 _h0833 |
||
| 590 |
_aBATCH-UPD _b10 _c20130914 _lUCH01 _h1858 |
||
| 590 |
_aCONVERSION _b10 _c20130109 _lUCH01 _h1327 |
||
| 650 | 1 | 4 |
_aPapa _xEspaciamiento. _985233 |
| 650 | 1 | 4 |
_aPapa _xNuevo León. _985267 |
| 650 | 1 | 4 |
_aPapa _xRendimiento. _985284 |
| 901 | _aBK | ||
| 942 | _cTESIS | ||
| 949 |
_bBC _cTES _d-121034 _eTS1 _h17883 _i55034 _si |
||
| 999 |
_c49912 _d49912 |
||